LDR 01228naa#a2200181#i#450# 001 RU\\bibl\126796 005 20260701181546.3 011 ## _a1815-588X 100 ## _a20260630b2026####ek#y0rusy0150####ca 102 ## _aRU 200 1# _aАнализ современной нормативной базы по проектированию железобетонных мостов с учетом воздействия окружающей среды _eЖурнальная статья 210 1# _aСанкт-Петербург _cФГБОУ ВО "Петербургский государственный университет путей сообщения Императора Александра I" _d2026 215 ## _a9 с. 608 ## _aЖурнальная статья _2local 675 ## _aМосты в целом. Конструктивные элементы мостов. Общие вопросы. 624.21 _aСтроительство из монолитного бетона и железобетона. Бетонные и железобетонные работы. 693.5 _z 700 #1 _aСалиханов _gСаидхон Салиханович 700 #1 _aКарапетов _gЭдуард Степанович 856 4# _aatjournal.ru _u